El futuro de la profesión contable: Estados Unidos, Canadá, Reino Unido, Italia

Saved in:
Bibliografiske detaljer
Institution som forfatter: Federación Internacional de Contabilidad (Author)
Format: Bog
Sprog:spansk
Udgivet: Santo Domingo AIC 2002
Fag:
Tags: Tilføj Tag
Ingen Tags, Vær først til at tagge denne postø!

MARC

LEADER 00000nam a2200000 a 4500
001 UCG2971
003 CL-VaPUC
008 100805e20020000dr |||||||||||||||||spa|d
020 |a 9993487163 
082 0 4 |a 657  |b FED  |2 21 
110 2 |a Federación Internacional de Contabilidad  |e author  |9 551684 
245 1 3 |a El futuro de la profesión contable: Estados Unidos, Canadá, Reino Unido, Italia 
300 |a 135 p 
942 |c BK 
945 |d 20100805 00:00:00  |a mfarfan 
260 |a Santo Domingo  |b AIC  |c 2002 
650 7 |a CONTADOR  |2 CL-VaPUC  |9 531674 
650 0 |a Contabilidad   |9 261430 
583 |a last modification  |c 20171221 02:26:45  |k Rodrigo Vera 
999 |c 342073  |d 342071 
952 |0 0  |1 0  |4 0  |6 657_000000000000000_FED_2002  |7 0  |8 A  |9 438031  |a BIBGIM  |b BIBGIM  |d 2019-11-22  |i 4700899  |o 657 FED 2002  |p 4700899  |r 2025-01-15  |w 2019-11-22  |y BK  |k COM